00437nam a2200145 a 4500008004100000020001800041041000800059100002500067245003900092250001100131260003600142300002200178500007600200655001500276011117t2015 ag |||g |||| 000 p spa d a9789871869466 aspa1 aYeannoteguy, Gabriel 3aEl patrón /cGabriel Yeannoteguy a1a ed. aBuenos Aires:bEn Danza;c2015. a100 p.c22x15 cm. aYeannoteguy, G. (2015). El patrón. (1a ed.). Buenos Aires : En Danza. aLiteratura